|
|
|
|
| LEADER |
01909cas a2200253 a 4500 |
| 001 |
AALejournalIMF007241 |
| 008 |
230101c9999 xx r poo 0 0eng d |
| 020 |
|
|
|c 5.00 USD
|
| 020 |
|
|
|z 9781455265435
|
| 022 |
|
|
|a 1018-5941
|
| 040 |
|
|
|a BD-DhAAL
|c BD-DhAAL
|
| 100 |
1 |
|
|a Saadi Sedik, Tahsin.
|
| 245 |
1 |
0 |
|a Global and Regional Spillovers to GCC Equity Markets /
|c Tahsin Saadi Sedik, Oral Williams.
|
| 264 |
|
1 |
|a Washington, D.C. :
|b International Monetary Fund,
|c 2011.
|
| 300 |
|
|
|a 1 online resource (26 pages)
|
| 490 |
1 |
|
|a IMF Working Papers
|
| 500 |
|
|
|a <strong>Off-Campus Access:</strong> No User ID or Password Required
|
| 500 |
|
|
|a <strong>On-Campus Access:</strong> No User ID or Password Required
|
| 506 |
|
|
|a Electronic access restricted to authorized BRAC University faculty, staff and students
|
| 520 |
3 |
|
|a This paper analyzes the impact of global and regional spillovers to GCC equity markets. GCC equity markets were impacted by spillovers from U.S. equity markets despite varying degrees of foreign participation. Spillovers from regional equity markets were also important but the magnitude of the effects were on average smaller than that from mature markets. The results also illustrated episodes of contagion in particular during the recent global financial crisis. The findings suggest that given the degree of openness, and open capital accounts the financial channel is an important source through which volatility is transmitted. In this regard, GCC equity markets are not immune from global and regional financial shocks. These findings refute the notion of decoupling between the GCC equity and global equity markets.
|
| 538 |
|
|
|a Mode of access: Internet
|
| 700 |
1 |
|
|a Williams, Oral.
|
| 830 |
|
0 |
|a IMF Working Papers; Working Paper ;
|v No. 2011/138
|
| 856 |
4 |
0 |
|z Full text available on IMF
|u http://elibrary.imf.org/view/journals/001/2011/138/001.2011.issue-138-en.xml
|z IMF e-Library
|